000 00755na a2200265 4500
001 13861
003 MIRAKIL
005 20181213154924.0
008 161108b tu 000 0
020 _a9755330186
035 _a13861
040 _aMilas
_btur
_cTR-AnCHP
082 _a320.101
_bA32i 1991
090 _a320.101 A32i 1991
100 _aAğaoğulları, Mehmet Ali
245 _aİmparatorluktan tanrı devletine
_bsiyasal düşünceler
_cMehmet Ali Ağaoğulları, Levent Köker
260 _aAnkara
_bİmge
_c1991
300 _a245 s.
_c19 sm.
504 _aKaynakça ve dizin var.
650 _aDevlet
650 _aSiyaset felsefesi
650 _aSiyaset bilimi
_xTarih
_yOrtaçağ
700 _aKöker, Levent
942 _2ddc
_cBKS
999 _c3210
_d3210